=LDR 00000nam 2200000 4500 =001 INLIS000000000031317 =005 20130612133409 =008 ***********************************ind** =035 ##$$0010-061300000031317 =041 ##$$a ind =082 ##$$a 634. 909 598 =090 ##$$a 634. 909 598 , Sug e =100 ##$$a Sugiama,Nobuo =245 ##$$a Edible amorphophallus in indonesia-Potential Crops inagrotorstry, Nobou Sugiyama,edi Santosa =260 ##$$a 2008 $b Yogyakarta =300 ##$$a ix, 125 hlm. , ilus. , 23 cm =650 ##$$a Kehutanan =650 ##$$a Indonesia =700 ##$$a Santosa,Edi =850 ##$$a NBPNMAT